Global Warring : (Record no. 13971)
[ view plain ]
| 000 -LEADER | |
|---|---|
| fixed length control field | 01604cam a2200265 a 4500 |
| 001 - CONTROL NUMBER | |
| control field | 15938062 |
| 005 - DATE AND TIME OF LATEST TRANSACTION | |
| control field | 20100308090905.0 |
| 008 - FIXED-LENGTH DATA ELEMENTS--GENERAL INFORMATION | |
| fixed length control field | 091009s2010 nyu | b 001 0 eng d |
| 010 ## - LIBRARY OF CONGRESS CONTROL NUMBER | |
| LC control number | 2009039709 |
| 020 ## - INTERNATIONAL STANDARD BOOK NUMBER | |
| International Standard Book Number | 0230621813 (alk. paper) |
| 040 ## - CATALOGING SOURCE | |
| Original cataloging agency | DLC |
| Transcribing agency | DLC |
| 050 00 - LIBRARY OF CONGRESS CALL NUMBER | |
| Classification number | JC319 |
| Item number | .P325 2010 |
| 082 00 - DEWEY DECIMAL CLASSIFICATION NUMBER | |
| Edition number | 22 |
| Classification number | 303.485 |
| Item number | PAS |
| 100 1# - MAIN ENTRY--PERSONAL NAME | |
| Personal name | Paskal, Cleo. |
| 9 (RLIN) | 13898 |
| 245 10 - TITLE STATEMENT | |
| Title | Global Warring : |
| Remainder of title | How Environmental, Economic, and Political Crises Will Redraw the World Map / |
| Statement of responsibility, etc | Cleo Paskal. |
| 260 ## - PUBLICATION, DISTRIBUTION, ETC. (IMPRINT) | |
| Place of publication, distribution, etc | New York : |
| Name of publisher, distributor, etc | Palgrave Macmillan, |
| Date of publication, distribution, etc | 2010. |
| 300 ## - PHYSICAL DESCRIPTION | |
| Extent | 280 p. ; |
| Dimensions | 25 cm. |
| 504 ## - BIBLIOGRAPHY, ETC. NOTE | |
| Bibliography, etc | Includes bibliographical references and index. |
| 505 0# - FORMATTED CONTENTS NOTE | |
| Formatted contents note | The USS sieve -- The coming storm -- The new geopolitical icebergs -- Life on the no longer permanent permafrost -- The global economy : waiting for the ship to come in -- A short history of modern geopolitics, as seen from the deck of a ship -- The great cold rush of -- Precipitating change in Asia and beyond -- Today's weather -- The story so far -- Interesting times, narrowing options -- Water -- Building a geopolitical ark -- Drawing lines in the water -- Fighting over Atlantis -- Your point is?. |
| 650 #0 - SUBJECT ADDED ENTRY--TOPICAL TERM | |
| Topical term or geographic name as entry element | Geopolitics |
| General subdivision | Environmental aspects. |
| 9 (RLIN) | 13899 |
| 650 #0 - SUBJECT ADDED ENTRY--TOPICAL TERM | |
| Topical term or geographic name as entry element | World politics |
| Chronological subdivision | 21st century |
| General subdivision | Environmental aspects. |
| 9 (RLIN) | 13900 |
| 942 ## - ADDED ENTRY ELEMENTS (KOHA) | |
| Source of classification or shelving scheme | Dewey Decimal Classification |
| Item type | Book - Borrowing |
| Withdrawn status | Item status | Source of classification or shelving scheme | Damaged status | Not for loan | Vendor | Home library | Current library | Shelving location | Date acquired | Source of acquisition | Total Checkouts | Total Renewals | Full call number | Barcode | Date last seen | Date last borrowed | Koha item type | Public note |
|---|---|---|---|---|---|---|---|---|---|---|---|---|---|---|---|---|---|---|
| Dewey Decimal Classification | Donation-Gift | Central Library | Central Library | First floor | 12/05/2010 | Donation | 2 | 6 | 303.485 PAS | 000020708 | 15/07/2025 | 13/11/2019 | Book - Borrowing | Donated by: Dr. Ahmed Hamza |